MARC details
| 000 -CABECERA |
| campo de control de longitud fija |
01886nam a2200253 a 4500 |
| 001 - NÚMERO DE CONTROL |
| campo de control |
000043510 |
| 005 - FECHA Y HORA DE LA ÚLTIMA TRANSACCIÓN |
| campo de control |
20250219170734.0 |
| 008 - DATOS DE LONGITUD FIJA--INFORMACIÓN GENERAL |
| campo de control de longitud fija |
140320s2014 dr ad 000 0 spa d |
| 020 ## - NÚMERO INTERNACIONAL ESTÁNDAR DEL LIBRO |
| Número Internacional Estándar del Libro |
9789945888744 |
| 040 ## - FUENTE DE LA CATALOGACIÓN |
| Centro catalogador/agencia de origen |
DO-SdBNP |
| Lengua de catalogación |
spa |
| Centro/agencia transcriptor |
BNPHU |
| 082 ## - NÚMERO DE LA CLASIFICACIÓN DECIMAL DEWEY |
| Número de clasificación |
338.187293 |
| Número de documento/Ítem |
R426s |
| 110 1# - ENTRADA PRINCIPAL--NOMBRE DE ENTIDAD CORPORATIVA |
| Nombre de entidad corporativa o nombre de jurisdicción como elemento de entrada |
República Dominicana. |
| Unidad subordinada |
Ministerio de Economía, Planificación y Desarrollo |
| 9 (RLIN) |
66142 |
| 245 10 - MENCIÓN DE TÍTULO |
| Título |
Soberanía alimentaria : |
| Resto del título |
reforma agraria, biotecnología, leche y exportaciones agrícolas / |
| Mención de responsabilidad, etc. |
editor Roberto E. Liz. |
| 260 ## - PUBLICACIÓN, DISTRIBUCIÓN, ETC. |
| Lugar de publicación, distribución, etc. |
Santo Domingo : |
| Nombre del editor, distribuidor, etc. |
Fondo para el Fomento de la Investigación Económica, |
| Fecha de publicación, distribución, etc. |
2014. |
| 300 ## - DESCRIPCIÓN FÍSICA |
| Extensión |
416 p. : |
| Otras características físicas |
il., gráfcs. ; |
| Dimensiones |
26 cm. |
| 505 0# - NOTA DE CONTENIDO CON FORMATO |
| Título |
Diseño de un plan de manejo post-cosecha de tres productos agrícolas competitivos: café, aguacate y mango en las provincias Peravia y San José de Ocoa / |
| Mención de responsabilidad |
Instituto para la Cultura y la Autogestión Popular de la región noroeste (INCAP) -- |
| Título |
Sostenibilidad alimentaria y producción lechera en el marco de la soberanía alimentaria: análisis del caso dominicano / |
| Mención de responsabilidad |
Joel Arboleda y Celeste Solano, Fundación Internacional Veterinarios sin Fronteras -- |
| Título |
Viabilidad de los asentamientos de reforma agraria en la República Dominicana / |
| Mención de responsabilidad |
Fátima Portorreal Liriano, Fundación Internacional Veterinarios sin Fronteras -- |
| Título |
Efecto económico y social de la biotecnología en la producción de yautía coco (colocasia esculenta) en la República Dominicana / |
| Mención de responsabilidad |
Instituto de Innovación en biotecnología e industria (IIBI). |
| 590 ## - NOTA LOCAL (RLIN) |
| Nota local |
Inventariado,2018/DG |
| 650 #4 - PUNTO DE ACCESO ADICIONAL DE MATERIA--TÉRMINO DE MATERIA |
| Término de materia o nombre geográfico como elemento de entrada |
Agricultura y estado |
| Subdivisión geográfica |
República Dominicana |
| 9 (RLIN) |
9297 |
| 650 #4 - PUNTO DE ACCESO ADICIONAL DE MATERIA--TÉRMINO DE MATERIA |
| Término de materia o nombre geográfico como elemento de entrada |
Innovaciones agrícolas |
| Subdivisión geográfica |
República Dominicana |
| 9 (RLIN) |
37047 |
| 650 #4 - PUNTO DE ACCESO ADICIONAL DE MATERIA--TÉRMINO DE MATERIA |
| Término de materia o nombre geográfico como elemento de entrada |
Reforma agraría |
| Subdivisión geográfica |
República Dominicana |
| 9 (RLIN) |
7284 |
| 650 #4 - PUNTO DE ACCESO ADICIONAL DE MATERIA--TÉRMINO DE MATERIA |
| Término de materia o nombre geográfico como elemento de entrada |
Agricultura |
| Subdivisión general |
Aspectos económicos |
| Subdivisión geográfica |
República Dominicana |
| 9 (RLIN) |
1508 |
| 700 1# - PUNTO DE ACCESO ADICIONAL--NOMBRE DE PERSONA |
| Nombre de persona |
Liz, Roberto E., |
| Término indicativo de función/relación |
ed. |
| 9 (RLIN) |
37488 |
| 910 ## - DATOS DE OPCIÓN DEL USUARIO (OCLC) |
| Datos de opción del usuario |
Validado. Control de calidad EMS |